A quina comarca pertany cada municipi? - Statistics

General Stats
  • This quiz has been taken 99 times
  • The average score is 55 of 67
Answer Stats
Hint Answer % Correct
Mataró Maresme
94%
Vic Osona
92%
Sabadell Vallès Occidental
92%
Figueres Alt Empordà
91%
Barcelona Barcelonès
91%
Sitges Garraf
91%
Girona Gironès
91%
Banyoles Pla de l'Estany
91%
el Prat de Llobregat Baix Llobregat
90%
Vilassar de Mar Maresme
90%
Granollers Vallès Oriental
90%
Igualada Anoia
89%
Manresa Bages
89%
Castelldefels Baix Llobregat
89%
Cornellà de Llobregat Baix Llobregat
89%
Lleida Segrià
89%
Tarragona Tarragonès
89%
Sant Cugat del Vallès Vallès Occidental
89%
Sant Boi de Llobregat Baix Llobregat
87%
Sant Feliu de Llobregat Baix Llobregat
87%
Santa Coloma de Gramenet Barcelonès
87%
Premià de Mar Maresme
87%
Molins de Rei Baix Llobregat
86%
Esplugues de Llobregat Baix Llobregat
86%
Badalona Barcelonès
86%
Sant Adrià de Besòs Barcelonès
86%
Blanes Selva
86%
Cerdanyola del Vallès Vallès Occidental
86%
Terrassa Vallès Occidental
86%
Salt Gironès
85%
Manlleu Osona
85%
Sant Quirze del Vallès Vallès Occidental
85%
Palafrugell Baix Empordà
84%
Martorell Baix Llobregat
84%
Sant Vicenç dels Horts Baix Llobregat
84%
Olot Garrotxa
84%
Pineda de Mar Maresme
84%
Castellar del Vallès Vallès Occidental
84%
Rubí Vallès Occidental
84%
Vilafranca del Penedès Alt Penedès
82%
Vilanova i la Geltrú Garraf
82%
el Masnou Maresme
82%
Amposta Montsià
82%
Barberà del Vallès Vallès Occidental
82%
Ripollet Vallès Occidental
82%
Valls Alt Camp
80%
Reus Baix Camp
80%
Sant Joan Despí Baix Llobregat
80%
Salou Tarragonès
80%
les Franqueses del Vallès Vallès Oriental
80%
Lloret de Mar Selva
78%
Gavà Baix Llobregat
77%
Esparreguera Baix Llobregat
77%
Sant Andreu de la Barca Baix Llobregat
77%
Montcada i Reixac Vallès Occidental
77%
Tortosa Baix Ebre
76%
Viladecans Baix Llobregat
75%
el Vendrell Baix Penedès
75%
Mollet del Vallès Vallès Oriental
75%
Olesa de Montserrat Baix Llobregat
73%
l'Hospitalet de Llobregat Barcelonès
73%
Vila-seca Tarragonès
73%
Sant Pere de Ribes Garraf
71%
Sant Feliu de Guíxols Baix Empordà
70%
Calafell Baix Penedès
67%
Santa Perpètua de Mogoda Vallès Occidental
63%
Cambrils Baix Camp
58%
No matching quizzes found
Score Distribution
Percent of People with Each Score
Percentile by Number Answered
Your Score History
You have not taken this quiz